[Event "Online Olym KO Stage 2020"]
[Site "chess.com INT"]
[Date "2020.08.27"]
[Round "1.11"]
[White "Korobov,A"]
[Black "Wei Yi"]
[Result "1/2-1/2"]
[WhiteElo "2688"]
[BlackElo "2732"]

1.d4 d5 2.c4 e6 3.Nc3 Nf6 4.cxd5 Nxd5 5.e4 Nxc3 6.bxc3 c5 7.a3 cxd4 8.cxd4 e5
9.d5 Bd6 10.Nf3 O-O 11.Be2 Nd7 12.O-O Nc5 13.Nd2 Bd7 14.a4 Qe7 15.a5 Rac8
16.Bb2 Qg5 17.Ra3 Na4 18.Rb3 Nxb2 19.Rxb2 Rc7 20.Nf3 Qg6 21.Qb1 Bh3 22.Nh4 Qg5
23.Rb3 Qxh4 24.Rxh3 Qe7 25.Rb3 g6 26.g3 h5 27.Rc1 Rfc8 28.Rxc7 Rxc7 29.Kg2 Kg7
30.h4 Bc5 31.Rc3 Bd4 32.Rxc7 Qxc7 33.a6 bxa6 34.Bxa6 Qd6 35.Qa2 Qb6 36.Bc4 Qd6  1/2-1/2

[Event "PRO League KO Stage 2020"]
[Site "chess.com INT"]
[Date "2020.09.25"]
[Round "3.2"]
[White "Caruana,F"]
[Black "Wei Yi"]
[Result "1-0"]
[WhiteElo "2842"]
[BlackElo "2732"]

1.e4 e6 2.d4 d5 3.e5 c5 4.c3 Qb6 5.Nf3 Nc6 6.a3 Bd7 7.b4 cxd4 8.cxd4 Rc8
9.Be2 Nge7 10.O-O Nf5 11.Bb2 Be7 12.Qd3 Na5 13.Nbd2 Nc4 14.Nxc4 dxc4 15.Qc3 O-O
16.Nd2 Qd8 17.Bf3 Bc6 18.Bxc6 Rxc6 19.b5 Rc7 20.a4 Qd5 21.Rfd1 Rd8 22.Nf3 h5
23.Bc1 a6 24.Rb1 Qe4 25.Be3 axb5 26.Rxb5 Ra8 27.a5 Rd8 28.h3 Nxe3 29.fxe3 h4
30.Rdb1 Rdd7 31.Nd2 Qg6 32.Nf3 Qg3 33.Rc1 Bg5 34.Qd2 Bh6 35.Rb4 g5 36.Nh2 Qxe5
37.Ng4 Qg7 38.Rbxc4 Rxc4 39.Rxc4 f5 40.Rc8+ Kh7 41.Qc2 Re7 42.Kh1 Qg6 43.Ne5 Qf6
44.Rc7 Bg7 45.Qc5 Rxc7 46.Qxc7 g4 47.hxg4 fxg4 48.Nxg4 Qf5 49.Ne5 h3 50.Qxb7 hxg2+
51.Qxg2 Bxe5 52.dxe5 Qb1+ 53.Kh2 Qb4 54.a6 Qa4 55.Qb7+ Kh6 56.a7 Qc2+ 57.Qg2  1-0

[Event "PRO League KO Stage 2020"]
[Site "chess.com INT"]
[Date "2020.09.25"]
[Round "3.1"]
[White "Wei Yi"]
[Black "Dominguez Perez,L"]
[Result "1/2-1/2"]
[WhiteElo "2732"]
[BlackElo "2758"]

1.e4 e5 2.Nf3 Nc6 3.Bb5 Nf6 4.O-O Nxe4 5.d4 Nd6 6.Bxc6 dxc6 7.dxe5 Nf5 8.Qxd8+ Kxd8
9.h3 h6 10.Rd1+ Ke8 11.Nc3 Ne7 12.a4 Ng6 13.a5 Be7 14.Be3 Bd7 15.Ne4 Bf5
16.Ra4 Nf8 17.g4 Bh7 18.Ne1 g5 19.Nf6+ Bxf6 20.exf6 Ne6 21.Rc4 a6 22.Rb4 Rd8
23.Ra1 c5 24.Rxb7 h5 25.f3 hxg4 26.hxg4 Kd7 27.Ra7 Ra8 28.Rxa8 Rxa8 29.Rd1+ Kc6
30.Nd3 Bxd3 31.Rxd3 Rh8 32.Bd2 Rh6 33.Bc3 Rh8 34.Re3 Kd6 35.Rd3+ Kc6 36.Re3 Kd6
37.Re2 Rh3 38.Be5+ Kc6 39.Kg2 Rh8 40.Rd2 Rh7 41.Rd1 Rh8 42.Kg3 Rh6 43.Kf2 Rh3
44.Kg2 Rh8 45.c4 Rh7 46.Rh1 Rxh1 47.Kxh1 Kd7 48.Kg2 Nf8 49.Kf2 c6 50.Ke3 Ke6
51.Ke4 Nd7 52.Bc3 Nxf6+ 53.Kd3 Nd7 54.Ke4 Nf6+ 55.Ke3 Nd7 56.b3 Nb8 57.Ke4 Nd7
58.Bd2 f6 59.Be3 Kd6 60.Kf5 Ke7 61.Bd2 Kf7 62.Bc3 Ke7 63.Bb2 Kf7 64.Bc3 Ke7
65.Bd2 Kf7 66.Be3 Ke7 67.Bf2 Kf7 68.Bg3 Nf8 69.Bd6 Ne6 70.Ke4 Ke8 71.Bg3 Ke7
72.Bf2 Kf7 73.Be3 Ke7 74.Bg1 Kf7 75.Bf2 Ke7 76.Be3 Kf7 77.Kd3 Ke7 78.Bd2 Kf7
79.Bc3 Ke7 80.Ke4 Kf7 81.Bb2 Kg6 82.Ba3 Kf7 83.Bb2 Kg6 84.Bc3 Kf7 85.Ba1 Kg6
86.Bb2 Kf7 87.Bc3 Kg6 88.Ke3 Kf7 89.Kd3 Ke7 90.Ke4 Kf7  1/2-1/2

[Event "PRO League KO Stage 2020"]
[Site "chess.com INT"]
[Date "2020.09.25"]
[Round "3.3"]
[White "Xiong,Jeffery"]
[Black "Wei Yi"]
[Result "1-0"]
[WhiteElo "2709"]
[BlackElo "2732"]

1.d4 d5 2.c4 e6 3.Nc3 Nf6 4.cxd5 Nxd5 5.e4 Nxc3 6.bxc3 c5 7.Rb1 Be7 8.Nf3 O-O
9.Bc4 a6 10.O-O b5 11.Bd3 Nd7 12.Qe2 Qc7 13.a4 bxa4 14.d5 exd5 15.exd5 Nf6
16.c4 Bg4 17.h3 Bh5 18.Ra1 Bd6 19.g4 Bg6 20.Bb2 Rae8 21.Qc2 Ne4 22.Rae1 Qb7
23.Nh4 Nxf2 24.Nxg6 Nxd3 25.Nxf8 Rxe1 26.Rxe1 Nxe1 27.Qxh7+ Kxf8 28.Bxg7+ Ke7
29.Qe4+ Kd7 30.Qxe1 Qb3 31.Qf2 Qb1+ 32.Kg2 Qe4+ 33.Qf3 Qxf3+ 34.Kxf3 a3 35.Ke4 a2
36.Kd3 Bf4 37.Kc2 Ke7 38.Kb2 f6 39.Kxa2 Kf7 40.Bh8 Bg5 41.d6 Ke6 42.Bg7 Kxd6
43.Bf8+ Kc6 44.Kb3 Bf4 45.h4 Kd7 46.Bxc5 Ke6 47.Bd4 f5 48.g5 Kf7 49.c5 Kg6
50.c6 Kh5 51.Ka4 Bc7 52.Kb4 f4 53.Kc5 f3 54.Kd5 a5 55.Ke4 a4 56.Kxf3 a3 57.Ke4 a2
58.Kf5  1-0

[Event "PRO League KO Stage 2020"]
[Site "chess.com INT"]
[Date "2020.09.25"]
[Round "3.4"]
[White "Wei Yi"]
[Black "So,W"]
[Result "0-1"]
[WhiteElo "2732"]
[BlackElo "2770"]

1.b3 e5 2.Bb2 Nc6 3.e3 Nf6 4.Bb5 Qe7 5.Nc3 a6 6.Bc4 g6 7.h4 h5 8.Nf3 Bg7
9.Ng5 O-O 10.O-O d6 11.f4 Bg4 12.Qe1 e4 13.Qg3 Nb4 14.a3 d5 15.Be2 d4 16.Bxg4 dxc3
17.Bxc3 Nbd5 18.Bxf6 Bxf6 19.Bxh5 Bxa1 20.Rxa1 Qf6 21.Rf1 gxh5 22.f5 Qd6
23.Rf4 Nxf4 24.Nxe4+ Kh8  0-1

[Event "PRO League KO Stage 2020"]
[Site "chess.com INT"]
[Date "2020.09.26"]
[Round "4.1"]
[White "Wei Yi"]
[Black "Giri,A"]
[Result "0-1"]
[WhiteElo "2732"]
[BlackElo "2763"]

1.e4 c5 2.Nf3 d6 3.d4 cxd4 4.Nxd4 Nf6 5.Nc3 a6 6.Be3 e5 7.Nb3 Be6 8.f3 h5
9.Qd2 Nbd7 10.Nd5 Bxd5 11.exd5 g6 12.O-O-O Bg7 13.Be2 b5 14.Na5 Nb6 15.Nc6 Qc7
16.Bxb6 Qxb6 17.Kb1 a5 18.Qd3 b4 19.Qb5 Qxb5 20.Bxb5 Kf8 21.h4 Bh6 22.Rd3 Kg7
23.a3 e4 24.Rb3 exf3 25.Rxf3 Ne4 26.Ka2 f5 27.Rd1 Kh7 28.Nd4 Bg7 29.Ne6 Be5
30.Bd3 Nf6 31.Bb5 Rhb8 32.a4 Ra7 33.Bc6 Ne4 34.Bb5 Rc8 35.Bc6 Re7 36.Ng5+ Nxg5
37.hxg5 Bg7 38.Rd2 Re4 39.Kb3 Be5 40.Bd7 Rc7 41.Bc6 Kg7 42.Bb5 Rc5 43.Bd3 Rxd5
44.Rdf2 Rg4 45.Bc4 Rdd4  0-1

[Event "PRO League KO Stage 2020"]
[Site "chess.com INT"]
[Date "2020.09.26"]
[Round "4.2"]
[White "Grischuk,A"]
[Black "Wei Yi"]
[Result "1/2-1/2"]
[WhiteElo "2777"]
[BlackElo "2732"]

1.Nf3 d5 2.d4 Nf6 3.c4 e6 4.Nc3 c5 5.e3 Nc6 6.cxd5 exd5 7.Bb5 cxd4 8.exd4 Bd6
9.O-O O-O 10.h3 h6 11.Re1 Re8 12.Ne5 Bxe5 13.Bxc6 bxc6 14.dxe5 Nd7 15.f4 Rb8
16.b3 Ba6 17.Be3 f6 18.exf6 Qxf6 19.Qd2 Ra8 20.Bd4 Qg6 21.Rxe8+ Qxe8 22.Re1 Qf7
23.Qe3 Rf8 24.g3 Bc8 25.Qe7 Qg6 26.Qe6+ Qxe6 27.Rxe6 c5 28.Bf2 d4 29.Ne4 Nf6
30.Nxf6+ Rxf6 31.Rxf6 gxf6 32.g4 h5 33.b4 cxb4 34.Bxd4 hxg4 35.hxg4 Bxg4
36.Bxa7 Be6 37.Bc5 Bxa2 38.Bxb4 f5 39.Kf2  1/2-1/2

[Event "PRO League KO Stage 2020"]
[Site "chess.com INT"]
[Date "2020.09.26"]
[Round "4.3"]
[White "Tari,A"]
[Black "Wei Yi"]
[Result "0-1"]
[WhiteElo "2634"]
[BlackElo "2732"]

1.e4 e6 2.d4 d5 3.exd5 exd5 4.Nf3 Bd6 5.c4 Nf6 6.Nc3 O-O 7.cxd5 Nbd7 8.Be2 Nb6
9.Bg5 Be7 10.Bxf6 Bxf6 11.Qb3 Bg4 12.O-O Bxf3 13.Bxf3 Bxd4 14.Rad1 Be5 15.d6 cxd6
16.Bxb7 Rb8 17.Bf3 Qf6 18.Ne4 Qh6 19.g3 d5 20.Nc5 Nc4 21.Qc2 Rxb2 22.Qd3 Nd2
23.Rfe1 Bd4 24.Bxd5 Bxf2+ 25.Kxf2 Ne4+ 26.Kf3 Nxc5 27.Qf5 Qxh2 28.Qxf7+ Rxf7+  0-1

[Event "PRO League KO Stage 2020"]
[Site "chess.com INT"]
[Date "2020.09.26"]
[Round "4.4"]
[White "Wei Yi"]
[Black "Saric,Iv"]
[Result "1-0"]
[WhiteElo "2732"]
[BlackElo "2646"]

1.e4 c5 2.Nf3 d6 3.Bb5+ Nd7 4.d4 cxd4 5.Qxd4 a6 6.Bxd7+ Bxd7 7.O-O e5 8.Qd3 Rc8
9.c4 b5 10.Na3 Qb6 11.Rd1 Qb7 12.Nd2 Nf6 13.f3 Be7 14.Nf1 O-O 15.Bg5 Qa7+
16.Be3 Qb8 17.Rac1 h6 18.Bd2 Be6 19.Ne3 b4 20.Nac2 a5 21.b3 Bd8 22.Be1 Rc6
23.Bf2 Nh5 24.g3 Nf6 25.Qd2 Ra6 26.Ne1 Bb6 27.Nd3 Rc8 28.Kg2 h5 29.Nd5 Bd8
30.Nxf6+ Bxf6 31.Be3 h4 32.g4 h3+ 33.Kxh3 Be7 34.Kg3 Qb7 35.h4 Rb8 36.h5 a4
37.h6 g6 38.h7+ Kh8 39.Rb1 axb3 40.axb3 Ra3 41.Qh2 Rba8 42.Qh6 Bf8 43.Qh4 Ra2
44.Bg5 Bg7 45.Bf6 Qa7 46.Rh1  1-0

[Event "11th Hainan Danzhou GM"]
[Site "chess.com INT"]
[Date "2020.12.03"]
[Round "1.1"]
[White "Wei Yi"]
[Black "Wang Hao"]
[Result "1/2-1/2"]
[WhiteElo "2732"]
[BlackElo "2763"]

1.e4 e5 2.Nf3 Nc6 3.Bb5 Nf6 4.O-O Nxe4 5.Re1 Nd6 6.Nxe5 Be7 7.Bf1 Nxe5 8.Rxe5 O-O
9.d4 Bf6 10.Re1 Re8 11.Bf4 Rxe1 12.Qxe1 Ne8 13.c3 d5 14.Bd3 g6 15.Nd2 Ng7
16.Qe2 c6 17.Re1 Bf5 18.Bxf5 Nxf5 19.Nf3 Ng7 20.Be5 Ne6 21.Bxf6 Qxf6 22.Ne5 Re8
23.Ng4 Qd8 24.Qe5 Ng7 25.Qxe8+ Nxe8 26.Rxe8+ Qxe8 27.Nf6+ Kf8 28.Nxe8 Kxe8
29.Kf1 Ke7 30.Ke2 Ke6 31.Ke3 f5 32.f4 Kd6 33.h4 h5 34.Kd3 b5 35.b4 a6 36.a3 Ke6
37.g3 Kd7 38.Ke3 Ke6 39.Kd3 Kd7 40.Ke3 Ke6 41.Kd3  1/2-1/2

[Event "11th Hainan Danzhou GM"]
[Site "chess.com INT"]
[Date "2020.12.03"]
[Round "2.4"]
[White "Wei Yi"]
[Black "Ding Liren"]
[Result "0-1"]
[WhiteElo "2732"]
[BlackElo "2791"]

1.e4 c6 2.d4 d5 3.f3 dxe4 4.fxe4 e5 5.Nf3 Bg4 6.Bc4 Nd7 7.c3 Bd6 8.O-O Ngf6
9.Bg5 O-O 10.Nbd2 b5 11.Bb3 c5 12.dxc5 Bxc5+ 13.Kh1 h6 14.Bh4 Be3 15.h3 Bh5
16.Qe1 Bf4 17.g3 Bxd2 18.Nxd2 Qb6 19.Bc2 Rac8 20.a3 a5 21.g4 Bg6 22.Qe2 Rfe8
23.Kh2 Nd5 24.Bf2 Qb7 25.Rad1 Nf4 26.Qe3 Nc5 27.Bg3 Nce6 28.Nf3 Nc5 29.Nxe5 Rxe5
30.Rxf4 Ree8 31.Re1 b4 32.axb4 axb4 33.cxb4 Qxb4 34.Qc3 Qb7 35.Qe3 Qxb2 36.Rf2 Qb7
37.e5 Bxc2 38.Rxc2 Ne6 39.Rf2 Rc4 40.Qf3 Qc7 41.Ref1 Rc2 42.Rxc2 Qxc2+ 43.Rf2 Qc7
44.Rd2 Rb8 45.h4 Qc4 46.Rf2 Qc7 47.Rd2 Qa7 48.Kg2 Qa4 49.Rf2 Qd7 50.Qc3 Ra8
51.Rd2 Qe8 52.Qf3 Ra4 53.Kh2 Qc8 54.Kg2 Nf8 55.Qf5 Qa8+ 56.Qf3 Qc8 57.Qf5 Qc4
58.Rd8 Ra2+ 59.Kh3 Qc6 60.Qf1 h5 61.Rd4 Ne6 62.Rc4 hxg4+ 63.Kxg4 Qd7 64.Kh5 g6+
65.Kg4 Nd4+ 66.Kg5 Rg2 67.e6 Qd5+ 68.Kg4 Qxe6+  0-1

[Event "11th Hainan Danzhou GM"]
[Site "chess.com INT"]
[Date "2020.12.04"]
[Round "3.2"]
[White "Grischuk,A"]
[Black "Wei Yi"]
[Result "1-0"]
[WhiteElo "2777"]
[BlackElo "2732"]

1.e4 c5 2.Nc3 d6 3.f4 g6 4.Nf3 Bg7 5.Bc4 Nc6 6.O-O e6 7.d4 cxd4 8.Nb5 Nge7
9.Bb3 O-O 10.Nbxd4 Nxd4 11.Nxd4 e5 12.Nf3 Nc6 13.Kh1 Be6 14.c3 Qe7 15.fxe5 dxe5
16.Bg5 f6 17.Be3 Rad8 18.Qe2 Bxb3 19.axb3 Qe6 20.Qc4 Qxc4 21.bxc4 a6 22.Bb6 Rd7
23.Rfd1 Rxd1+ 24.Rxd1 f5 25.b4 Rc8 26.h4 Bf6 27.Rd7 Bd8 28.Bxd8 Rxd8 29.Rxd8+ Nxd8
30.exf5 gxf5 31.Nxe5 Kg7 32.Kh2 Kf6 33.Nd7+ Ke7 34.Nb6 Ne6 35.Kg3 Kd6 36.Kf3 Kc6
37.Nd5 b6 38.Ne7+ Kd7 39.Nxf5 a5 40.Ne3 a4 41.Nc2 Kd6 42.Ke4 Nf8 43.g4 Ng6
44.h5 Ne5 45.c5+  1-0

[Event "11th Hainan Danzhou GM"]
[Site "chess.com INT"]
[Date "2020.12.04"]
[Round "4.3"]
[White "Wei Yi"]
[Black "Yu Yangyi"]
[Result "1/2-1/2"]
[WhiteElo "2732"]
[BlackElo "2709"]

1.e4 e5 2.Nf3 Nf6 3.Nc3 Nc6 4.d4 exd4 5.Nxd4 Bb4 6.Nxc6 bxc6 7.Bd3 d5 8.exd5 O-O
9.O-O cxd5 10.Qf3 c6 11.Bg5 Rb8 12.Ne2 Bg4 13.Bxf6 Bxf3 14.Bxd8 Bxe2 15.Bxe2 Rfxd8
16.a3 Bd6 17.b4 c5 18.Rfd1 cxb4 19.axb4 Bxb4 20.Rxa7 Bc5 21.Ra5 Rbc8 22.c3 Bf8
23.Raxd5 Rxd5 24.Rxd5 Rxc3 25.Kf1 Rc1+ 26.Rd1 Rxd1+ 27.Bxd1 Bd6 28.Bc2 g6
29.g3 Kg7 30.f4 h5 31.h4 Be7 32.f5 Bd6 33.fxg6 fxg6 34.Kg2 Kh6 35.Kh3 g5
36.g4 hxg4+ 37.Kxg4 gxh4 38.Kxh4  1/2-1/2

[Event "11th Hainan Danzhou GM"]
[Site "chess.com INT"]
[Date "2020.12.05"]
[Round "5.3"]
[White "Giri,A"]
[Black "Wei Yi"]
[Result "0-1"]
[WhiteElo "2764"]
[BlackElo "2732"]

1.d4 Nf6 2.c4 e6 3.Nc3 d5 4.cxd5 Nxd5 5.e4 Nxc3 6.bxc3 c5 7.Rb1 Be7 8.Nf3 O-O
9.h4 Nc6 10.Be2 b6 11.h5 h6 12.Rh3 Kh8 13.Rg3 f5 14.Bb5 Bb7 15.d5 exd5 16.exd5 Na5
17.Ne5 Kh7 18.Ng6 Rf7 19.Rd3 c4 20.Rd2 Bg5 21.f4 Bf6 22.Bb2 Qd6 23.Ba4 b5
24.Bc2 b4 25.Qf3 Re8+ 26.Kf1 Ba6 27.Ne5 Bxe5 28.fxe5 Rxe5 29.Re1 b3 30.Bb1 bxa2
31.Bxa2 Rxe1+ 32.Kxe1 Nb3 33.Rd1 Nc5 34.Ba3 Qe5+ 35.Kf1 Nd3 36.d6 Rd7 37.Bb1 Bb7
38.Qe2 Qh2 39.Bxd3 cxd3 40.Qf2 Qh1+ 41.Qg1 Qxh5 42.Rd2 Be4 43.c4 Rb7 44.Bb2 Qg5
45.Qf2 Rxb2 46.Rxb2 Qc1+ 47.Qe1 Qxb2  0-1

[Event "11th Hainan Danzhou GM"]
[Site "chess.com INT"]
[Date "2020.12.05"]
[Round "6.2"]
[White "Wei Yi"]
[Black "Topalov,V"]
[Result "1/2-1/2"]
[WhiteElo "2732"]
[BlackElo "2735"]

1.e4 c5 2.Nf3 d6 3.d4 cxd4 4.Nxd4 Nf6 5.Nc3 a6 6.Be3 e6 7.Be2 Nbd7 8.g4 h6
9.f4 g5 10.f5 e5 11.Nb3 b5 12.Qd3 Bb7 13.O-O-O Rc8 14.Kb1 Be7 15.Nd5 Bxd5
16.exd5 Nb6 17.Bf3 Nc4 18.Nd2 Nxe3 19.Qxe3 Qc7 20.c3 Qc5 21.Qxc5 Rxc5 22.h3 Kd7
23.Rc1 Rhc8 24.a3 Bd8 25.Ne4 Nxe4 26.Bxe4 Bf6 27.Rhe1 Rc4 28.Re3 Rh8 29.b3 Rc7
30.Bf3 e4 31.Bxe4 Re8 32.c4 bxc4 33.Rxc4 Rxc4 34.bxc4 Rb8+ 35.Kc1 Be5 36.Rf3 Ke7
37.Bc2 Kf6 38.Rb3 Rxb3 39.Bxb3 Bd4 40.Ba4 Bc5 41.Kb2 Ke7 42.Bd1 f6 43.Ba4 Kd8
44.Bd1 Ke7 45.Ba4 Kd8 46.Bd1 Ke7  1/2-1/2

[Event "11th Hainan Danzhou GM"]
[Site "chess.com INT"]
[Date "2020.12.05"]
[Round "7.4"]
[White "Rapport,R"]
[Black "Wei Yi"]
[Result "1/2-1/2"]
[WhiteElo "2759"]
[BlackElo "2732"]

1.c4 e6 2.Nc3 d5 3.d4 Nf6 4.Bg5 Be7 5.e3 h6 6.Bxf6 Bxf6 7.Nf3 O-O 8.Qd2 c5
9.cxd5 cxd4 10.Nxd4 exd5 11.Bb5 Nc6 12.Bxc6 bxc6 13.Nxc6 Qd6 14.Qxd5 Bxc3+
15.bxc3 Qc7 16.Ne7+ Kh8 17.Nxc8 Qxc3+ 18.Ke2 Qb2+ 19.Qd2 Qb5+ 20.Qd3 Qb2+
21.Qd2 Qb5+ 22.Qd3 Qb2+ 23.Qd2  1/2-1/2

[Event "11th Hainan Danzhou GM"]
[Site "chess.com INT"]
[Date "2020.12.07"]
[Round "8.1"]
[White "Wang Hao"]
[Black "Wei Yi"]
[Result "1/2-1/2"]
[WhiteElo "2763"]
[BlackElo "2732"]

1.d4 Nf6 2.c4 e6 3.Nc3 Bb4 4.Qc2 O-O 5.a3 Bxc3+ 6.Qxc3 d5 7.Bg5 dxc4 8.Qxc4 b6
9.Rd1 Ba6 10.Qa4 h6 11.Bh4 Qe7 12.Nf3 Rd8 13.e3 Bxf1 14.Rxf1 c5 15.dxc5 Rxd1+
16.Qxd1 g5 17.Nxg5 hxg5 18.Bxg5 Nbd7 19.Qf3 Rc8 20.c6 Qc5 21.Bxf6 Qc1+ 22.Ke2 Qc2+
23.Ke1 Qc1+ 24.Ke2 Qc2+ 25.Ke1 Qc1+  1/2-1/2

[Event "11th Hainan Danzhou GM"]
[Site "chess.com INT"]
[Date "2020.12.07"]
[Round "9.4"]
[White "Ding Liren"]
[Black "Wei Yi"]
[Result "0-1"]
[WhiteElo "2791"]
[BlackElo "2732"]

1.c4 e6 2.Nc3 d5 3.d4 Nf6 4.cxd5 Nxd5 5.e3 c5 6.Bd3 cxd4 7.exd4 g6 8.h4 Bg7
9.h5 Nc6 10.Nf3 O-O 11.Be4 Qb6 12.Na4 Qb4+ 13.Bd2 Qb5 14.hxg6 hxg6 15.Qc2 e5
16.dxe5 Ndb4 17.Qb3 Be6 18.Nc3 Nd3+ 19.Kf1 Qc5 20.Be3 Bxb3 21.Bxc5 Nxc5 22.axb3 Nxe4
23.Nxe4 Nxe5 24.Nfg5 Rfc8 25.Rh3 Rc2 26.Rb1 Ng4 27.Rd3 f5 28.Nd2 Re8 29.g3 Bxb2
30.Nh3 Bc1 31.Nf3 Ba3 32.b4 Bb2 33.Rd7 Ree2 34.Rbd1 Nxf2 35.Rd8+ Kg7 36.R1d7+ Kh6
37.Nhg5 Kh5 38.Nd2 Kxg5 39.Kxe2 Ne4 40.Kd1 Rc1+ 41.Ke2 Rc2 42.Kd1 Rc1+ 43.Ke2 Nxg3+
44.Kf2 Kg4 45.Rd3 f4 46.Nf3 Rc2+ 47.Ke1 Re2+ 48.Kd1 Rf2 49.Nd2 f3 50.Nc4 Rf1+
51.Kc2 Rc1+ 52.Kb3 Rxc4 53.Kxc4 f2 54.Rf8 Nf5 55.Rxf5 gxf5 56.Rd1 Kf3 57.Kd3 Bc3
58.Kxc3 Ke2 59.Rd2+ Ke1  0-1

[Event "11th Hainan Danzhou GM"]
[Site "chess.com INT"]
[Date "2020.12.07"]
[Round "10.2"]
[White "Wei Yi"]
[Black "Grischuk,A"]
[Result "1/2-1/2"]
[WhiteElo "2732"]
[BlackElo "2777"]

1.e4 e5 2.Nf3 Nc6 3.Bb5 Nf6 4.O-O Nxe4 5.d4 Nd6 6.dxe5 Nxb5 7.a4 Nbd4 8.Nxd4 d5
9.exd6 Nxd4 10.Qxd4 Qxd6 11.Qe4+ Qe6 12.Qd4 Qd6 13.Qe3+ Be6 14.Nc3 Qc6 15.Nb5 Bc5
16.Qc3 O-O 17.Bf4 Rfc8 18.Nd4 Bxd4 19.Qxd4 Rd8 20.Qb4 a5 21.Qb5 Qxb5 22.axb5 Bc4
23.Rfd1 Rxd1+ 24.Rxd1 Bxb5 25.Bxc7 a4 26.Rd8+ Rxd8 27.Bxd8 f5 28.Be7 Kf7
29.Bc5 Kg8 30.Be7 Kf7 31.Bc5 Kg8 32.Be7  1/2-1/2

[Event "11th Hainan Danzhou GM"]
[Site "chess.com INT"]
[Date "2020.12.08"]
[Round "11.3"]
[White "Yu Yangyi"]
[Black "Wei Yi"]
[Result "1-0"]
[WhiteElo "2709"]
[BlackElo "2732"]

1.d4 d5 2.c4 e6 3.Nc3 Nf6 4.cxd5 Nxd5 5.e4 Nxc3 6.bxc3 c5 7.Rb1 Be7 8.Bc4 O-O
9.Ne2 cxd4 10.cxd4 b6 11.O-O Bb7 12.Ng3 Nc6 13.Be3 Rc8 14.Bb5 a6 15.Be2 b5
16.a4 b4 17.d5 exd5 18.exd5 Ne5 19.Nf5 Bf6 20.Rxb4 Qxd5 21.Qxd5 Bxd5 22.Bxa6 Ra8
23.Bb5 Rfb8 24.Rd1 Be6 25.Nd4 Bd5 26.h3 h5 27.Ne2 Nc6 28.Rbb1 Be4 29.Rbc1 Nb4
30.Bc5 Na6 31.Bd4 Bg5 32.f4 Bh6 33.Ng3 Bg6 34.Be5 Rf8 35.h4 Nb4 36.Bd6 Na2
37.Rc6 Rfd8 38.Rd2 Bb1 39.Nxh5 g6 40.Nf6+ Kh8 41.g3 Bg7 42.Ng4 Nc3 43.Ne5 Nxb5
44.axb5 Kg8 45.b6 Be4 46.Rc7 f6 47.Nc6 Bxc6 48.Rxc6 Bf8 49.Kf2 Rd7 50.Bb4  1-0

[Event "11th Hainan Danzhou GM"]
[Site "chess.com INT"]
[Date "2020.12.08"]
[Round "12.3"]
[White "Wei Yi"]
[Black "Giri,A"]
[Result "1/2-1/2"]
[WhiteElo "2732"]
[BlackElo "2764"]

1.e4 c5 2.Nf3 d6 3.d4 cxd4 4.Nxd4 Nf6 5.Nc3 a6 6.Be3 e5 7.Nb3 Be7 8.f3 Be6
9.Qd2 h5 10.O-O-O Nbd7 11.Kb1 Rc8 12.h4 b5 13.a3 O-O 14.Bg5 Re8 15.g4 hxg4
16.fxg4 Bxg4 17.Re1 d5 18.Nxd5 Nxd5 19.exd5 Bf5 20.Bd3 e4 21.Nd4 Bxg5 22.hxg5 exd3
23.Rxe8+ Qxe8 24.Nxf5 dxc2+ 25.Ka2 Qe4 26.Ne7+ Qxe7 27.Qh2 c1=N+ 28.Ka1 Nb3+
29.Ka2 Nc1+ 30.Ka1 Nb3+ 31.Ka2 Nc1+  1/2-1/2

[Event "11th Hainan Danzhou GM"]
[Site "chess.com INT"]
[Date "2020.12.09"]
[Round "13.2"]
[White "Topalov,V"]
[Black "Wei Yi"]
[Result "1/2-1/2"]
[WhiteElo "2735"]
[BlackElo "2732"]

1.e4 c5 2.Nf3 d6 3.d4 cxd4 4.Nxd4 Nf6 5.Nc3 a6 6.Be3 Ng4 7.Bc1 Nf6 8.f3 e5
9.Nb3 Be6 10.Be3 h5 11.Nd5 Bxd5 12.exd5 Nbd7 13.Qd2 g6 14.Be2 Bg7 15.O-O b6
16.c4 O-O 17.Rac1 a5 18.Na1 Nc5 19.Nc2 h4 20.Na3 Qd7 21.Nb5 Rae8 22.Rfe1 e4
23.f4 Re7 24.Rf1 h3 25.g3 Nd3 26.Bxd3 exd3 27.Qxd3 Ng4 28.Bd4 Rfe8 29.Bxg7 Re3
30.Qd1 Kxg7 31.f5 R8e4 32.Nc3 Rxc4 33.b3 Rcxc3 34.Rxc3 Rxc3 35.Qd4+ f6 36.Qxc3 gxf5
37.Rc1 Kg6 38.Qc8 Qe7 39.Qg8+ Kh6 40.Qe6 Qa7 41.Qxd6 b5+ 42.Qc5 Qb8 43.d6 Qe8
44.Rd1 Kg6 45.Qd4 Qc6 46.Qd5 Qc2 47.Qg8+ Kh5 48.Qe8+ Kg5 49.Qg8+ Kh5 50.Qe8+ Kg5
51.Qg8+ Kh5  1/2-1/2

[Event "11th Hainan Danzhou GM"]
[Site "chess.com INT"]
[Date "2020.12.09"]
[Round "14.4"]
[White "Wei Yi"]
[Black "Rapport,R"]
[Result "1/2-1/2"]
[WhiteElo "2732"]
[BlackElo "2759"]

1.e4 e5 2.Nf3 Nc6 3.Bb5 Nf6 4.O-O Nxe4 5.d4 Nd6 6.Bxc6 dxc6 7.dxe5 Nf5 8.Qxd8+ Kxd8
9.h3 Bd7 10.Nc3 b6 11.b3 Be7 12.Bb2 h5 13.Rad1 Ke8 14.Ne4 Rd8 15.Nfg5 c5
16.Rfe1 Bc6 17.Rxd8+ Bxd8 18.e6 f6 19.Nf7 Rg8 20.c4 Be7 21.Nc3 Nd4 22.Bc1 Nc2
23.Re2 Nd4 24.Re1 Nc2 25.Re2 Nd4 26.Re1  1/2-1/2

[Event "Shenzhen Evening Rapid"]
[Site "chess.com INT"]
[Date "2021.04.29"]
[Round "1.2"]
[White "Wei Yi"]
[Black "Rapport,R"]
[Result "1/2-1/2"]
[WhiteElo "2732"]
[BlackElo "2763"]

1.e4 e5 2.Nf3 Nc6 3.Bb5 Nf6 4.O-O Nxe4 5.d4 Nd6 6.Bxc6 dxc6 7.dxe5 Nf5 8.Qxd8+ Kxd8
9.h3 Bd7 10.Rd1 Be7 11.Nc3 b6 12.Bg5 Kc8 13.g4 h6 14.Bxe7 Nxe7 15.Kg2 c5
16.Kg3 Be6 17.a4 Kb7 18.a5 Rad8 19.axb6 axb6 20.Rxd8 Rxd8 21.Rd1 Ra8 22.h4 Kc6
23.h5 b5 24.Ne1 b4 25.Ne2 Bc4 26.Nd3 Bxd3 27.cxd3 Kd5 28.d4 Ra2 29.dxc5+ Kxc5
30.Nf4 Nc6 31.Rc1+ Kb5 32.Nd3 Ra8 33.Kf4 Rd8 34.Ke3 Kb6 35.f4 f6 36.e6 Rd6
37.f5 Rd8 38.Rc4 Kb5 39.Rc5+ Kb6 40.Rc4 Kb5 41.b3 Ra8 42.Rc5+ Kb6 43.Rc4 Ra3
44.Nc1 Ra1 45.Ke4 Kb5 46.Nd3 Ra8 47.Rc5+ Kb6 48.Rc4 Kb5 49.Nf4 Na5 50.Rxc7 Nxb3
51.Nd5 Na5 52.Rxg7 b3 53.Nc3+ Kc6 54.Rd7 b2 55.Kd3 Rb8 56.Ra7 Rb3 57.Ke2 Nc4
58.e7 Rb8 59.Kd3 Ne5+ 60.Kc2 Nxg4 61.Kb1 Ne3 62.Ra6+ Kd7 63.Ra7+ Kc6 64.Ra6+ Kd7
65.Rxf6 Re8 66.Ne4 Rxe7 67.Nc5+ Ke8 68.Ne6 Rb7 69.Rxh6 Rb4 70.Nc7+ Kd7 71.Na6 Rb5
72.Nc5+ Rxc5 73.Kxb2 Rxf5 74.Kc3 Ng4 75.Rg6 Rxh5 76.Rxg4  1/2-1/2

[Event "Shenzhen Evening Rapid"]
[Site "chess.com INT"]
[Date "2021.04.29"]
[Round "2.2"]
[White "Yu Yangyi"]
[Black "Wei Yi"]
[Result "1/2-1/2"]
[WhiteElo "2709"]
[BlackElo "2732"]

1.d4 Nf6 2.c4 e6 3.Nc3 Bb4 4.Nf3 O-O 5.Qc2 d5 6.a3 Bxc3+ 7.bxc3 c5 8.e3 b6
9.cxd5 exd5 10.Bb2 Re8 11.Bb5 Bd7 12.Be2 Nc6 13.dxc5 bxc5 14.c4 d4 15.exd4 Nxd4
16.Nxd4 cxd4 17.O-O Bf5 18.Bd3 Bxd3 19.Qxd3 Rc8 20.Bxd4 Ng4 21.Rad1 Qh4 22.h3 Ne5
23.Bxe5 Rxe5 24.Rfe1 Rxe1+ 25.Rxe1 g6 26.Re4 Qf6 27.Qd7 Qf5 28.Re8+ Rxe8
29.Qxe8+ Kg7 30.Qe3 Qc2 31.Qd4+ Kf8 32.Kh2 Qa4 33.Qc5+ Ke8 34.h4 a6 35.g3 Qc2
36.Qe5+ Kf8 37.Qd6+ Kg8 38.Qd8+ Kg7 39.Qd4+ Kf8 40.c5 Ke8 41.Qe5+ Kd7 42.Qd5+ Ke8
43.Kg2 Qa4 44.c6 Qb5 45.Qd7+ Kf8 46.Qd8+ Kg7 47.c7 Qc6+ 48.Kh2 Qc5 49.Kg2 Qc6+
50.Kf1 Qc1+ 51.Ke2 Qb2+ 52.Kf3 Qc3+ 53.Ke4 Qc6+ 54.Kd3 Qb5+ 55.Kd4 Qb6+ 56.Kd5 Qb5+
57.Kd4 Qb2+ 58.Ke3 Qc3+ 59.Ke2 Qc2+ 60.Kf1 Qc1+ 61.Kg2 Qc6+  1/2-1/2

[Event "Shenzhen Evening Rapid"]
[Site "chess.com INT"]
[Date "2021.04.29"]
[Round "3.1"]
[White "Wei Yi"]
[Black "Duda,J"]
[Result "0-1"]
[WhiteElo "2732"]
[BlackElo "2729"]

1.e4 c5 2.Nf3 d6 3.d4 cxd4 4.Nxd4 Nf6 5.Nc3 a6 6.Be3 e5 7.Nb3 Be6 8.f3 h5
9.Qd2 Nbd7 10.Nd5 Bxd5 11.exd5 g6 12.O-O-O Nb6 13.Kb1 Nbxd5 14.Bg5 Be7 15.c4 Nb6
16.h4 Nbd7 17.Bd3 a5 18.c5 d5 19.Bb5 O-O 20.a4 Nxc5 21.Nxc5 Bxc5 22.Bh6 Qb6
23.Bxf8 Rxf8 24.Qg5 Bd4 25.Rhe1 Rc8 26.Qd2 Kg7 27.Re2 Rc7 28.Qd3 Qc5 29.f4 Ne4
30.fxe5 Bxb2 31.Kxb2 Nc3 32.Qd4 Qb4+ 33.Qxb4 Nxd1+ 34.Kb3 axb4 35.e6 Kf6
36.exf7 Kxf7 37.Kxb4 Nc3 38.Rf2+ Ke6 39.Bd3 Ne4 40.Rc2 Rf7 41.Ka5 Ke5 42.Kb6 Kd4
43.Bb5 Nc3 44.Rd2+ Ke5 45.Bd3 Rf6+ 46.Ka5 Kd4 47.Kb4 Ke3 48.Rc2 d4 49.Bc4 Rb6+
50.Kc5 Nxa4+ 51.Kd5 d3 52.Bxd3 Kxd3 53.Rc7 Nc3+ 54.Ke5 Ne4  0-1

[Event "Shenzhen Evening Rapid"]
[Site "chess.com INT"]
[Date "2021.04.30"]
[Round "4.2"]
[White "Rapport,R"]
[Black "Wei Yi"]
[Result "1/2-1/2"]
[WhiteElo "2763"]
[BlackElo "2732"]

1.c4 Nf6 2.Nf3 e6 3.g3 d5 4.Bg2 d4 5.d3 Nc6 6.O-O Bc5 7.Na3 O-O 8.Nc2 a5
9.b3 e5 10.Bb2 Bf5 11.a3 Qd6 12.Nh4 Bg4 13.Qd2 Rad8 14.h3 Bc8 15.Rab1 Rfe8
16.Bc1 e4 17.b4 axb4 18.axb4 Ba7 19.Ra1 Bb8 20.Bb2 e3 21.Qe1 g5 22.Nf3 g4
23.Nfxd4 Nxd4 24.Bxd4 gxh3 25.fxe3 Ng4 26.Bf3 c6 27.Ra5 Qg6 28.Bxg4 Qxg4
29.Qf2 f5 30.Qf3 Qg6 31.Kh2 h5 32.Kxh3 f4+ 33.Kh4 Bg4 34.Rg5 Qxg5+ 35.Kxg5 Bxf3
36.Rxf3 fxg3 37.Ne1 Rxd4 38.exd4 Rxe2 39.Rf1 g2 40.Rg1 Rxe1 41.Rxg2 Kf7 42.Kxh5 Re3
43.b5 Rh3+ 44.Kg5 Rxd3 45.bxc6 bxc6 46.Rb2 Bd6 47.Rb6 Be7+ 48.Kf5 Rf3+ 49.Ke4 Rf6
50.c5 Rg6 51.d5 cxd5+ 52.Kxd5 Rg5+ 53.Ke4 Bxc5 54.Rb8 Ke6 55.Kf3 Bd6 56.Re8+ Kf5
57.Ke2 Be5 58.Re7 Ke4 59.Re8 Rg2+ 60.Ke1 Kd4 61.Kf1 Ra2 62.Re7 Bf4 63.Re2 Ra3
64.Kf2 Be3+ 65.Kf3 Bg5+ 66.Kg4 Ra5 67.Rb2 Be3 68.Kf3 Rf5+ 69.Kg4 Rf8 70.Ra2 Kd3
71.Ra5 Ke2 72.Ra2+ Bd2 73.Rb2 Rf4+ 74.Kh5 Ke3 75.Kg6 Kd3 76.Ra2 Bc3 77.Kg5 Rf8
78.Kg4 Rf1 79.Ra4 Be5 80.Ra3+ Ke4 81.Ra4+ Bd4 82.Kh4 Rf4+ 83.Kg5 Kf3 84.Ra3+ Be3
85.Kg6 Rb4 86.Kf5 Rb5+ 87.Ke6 Ke4 88.Ra1 Rb6+ 89.Kd7 Rh6 90.Re1 Kd4 91.Rd1+ Kc5
92.Rd3 Bd4 93.Rd1 Rd6+ 94.Ke8 Kc6 95.Rd2 Rd7 96.Rd1 Rd6 97.Rd2 Rd5 98.Kf7 Kd6
99.Kg6 Ke6 100.Re2+ Be5 101.Kg5 Rd3 102.Rg2 Rg3+ 103.Rxg3 Bxg3  1/2-1/2